VI Congreso Latinoamericano de Botánica : (Registro nro. 8217)

Detalles MARC
000 -CABECERA
Campo de control interno 01717nam a2200229Ia 4500
008 - ELEMENTOS DE LONGITUD FIJA - INFORMACIÓN GENERAL
Campo de control de longitud fija 260220t1994||||xx |||||||||||||| ||spa||
040 ## - FUENTE DE CATALOGACIÓN
Agencia de catalogación original PY-SlUNAC
Idioma de catalogación spa
Convenciones de descripción rda
041 ## - CÓDIGO DE IDIOMA
Código de idioma para texto/pista de sonido o título separado spa
082 ## - NÚMERO DE CLASIFICACIÓN DECIMAL DEWEY
Clasificación Decimal Dewey (CDD) 581
Clasificación Expansiva de Cutter (EC) C76s
245 #0 - TÍTULO
Título VI Congreso Latinoamericano de Botánica :
Subtítulo libro de resumes sesiones técnicas
264 ## - PIE DE IMPRENTA
Lugar Mar del Plata :
Editorial Servicios Gráficos,
Año ℗1994.
300 ## - DESCRIPCIÓN FÍSICA
Páginas 1 volumen
520 ## - NOTA DE RESUMEN
Nota de resumen El VI Congreso Latinoamericano de Botánica, celebrado en Mar del Plata en 1994, reunió a destacados investigadores y profesionales del ámbito botánico para intercambiar conocimientos y avances en la materia. El libro de resúmenes de las sesiones técnicas compila una variedad de estudios y presentaciones que abordan temas fundamentales como la biodiversidad, la ecología, la taxonomía y la conservación de las plantas en América Latina. Este compendio no solo refleja el estado actual de la investigación botánica en la región, sino que también destaca la importancia de la colaboración entre científicos para enfrentar los desafíos ambientales y promover el uso sostenible de los recursos vegetales. A través de las contribuciones presentadas, se evidencia la riqueza de la flora latinoamericana y la necesidad de implementar estrategias efectivas para su protección y estudio. El libro se convierte así en una valiosa fuente de referencia para académicos, estudiantes y profesionales interesados en la botánica y la conservación ambiental.
653 ## - MATERIA - TÉRMINO TEMÁTICO NO CONTROLADO (PALABRAS CLAVE)
Materia - término temático no controlado (palabras clave) Botánica
653 ## - MATERIA - TÉRMINO TEMÁTICO NO CONTROLADO (PALABRAS CLAVE)
Materia - término temático no controlado (palabras clave) Congresos
653 ## - MATERIA - TÉRMINO TEMÁTICO NO CONTROLADO (PALABRAS CLAVE)
Materia - término temático no controlado (palabras clave) Resúmenes
942 ## - ELEMENTOS PERSONALIZADOS (KOHA)
Fecha catalogación 2026/02/17
Tipo de documento Libros
Existencias
Fuente de Clasificacion Colección Ubicacion permanente Biblioteca actual Fecha de Ingreso a la Biblioteca Origen de adquisición Código de ubicación Código de barras Tipo de Item KOHA Nota pública
Dewey Decimal Classification Colección General (CG) Biblioteca e Internet, Facultad de Ciencias Exactas y Naturales Biblioteca e Internet, Facultad de Ciencias Exactas y Naturales 02/20/2026 Donación 581 C76s CG1577 Libros Material disponible en la Biblioteca e Intenet, Campus UNA, San Lorenzo.